| 000 | 00000nam##2200000za#4500 |
| 001 | 9.526160 |
| 003 | CaOODSP |
| 005 | 20200331224359 |
| 007 | ta |
| 008 | 150406|1995||||xxc||||| f|0| 0 eng|d |
| 022 | |a0706-6457 |
| 040 | |aCaOODSP|beng |
| 041 | |aeng |
| 041 | |afre |
| 043 | |an-cn--- |
| 086 | 1 |aFs97-6/2050 |
| 110 | 1 |aCanada. |bDepartment of Fisheries and Oceans. |
| 245 | 10|aProceedings of the 21st annual Aquatic Toxicity Workshop : |bOctober 3-5, 1994, Sarnia, Ontario / |cEdited by G. F. Westlake et al. |
| 260 | |aOttawa - Ontario : |bFisheries and Oceans Canada |c1995. |
| 300 | |axvii, 179p. : |bfigs., graphs, references, tables ; |c28 cm. |
| 490 | 1 |aCanadian technical report of fisheries and aquatic sciences|x0706-6457|v2050 |
| 546 | |aRésumés en français |
| 563 | |aSoftcover |
| 590 | |a95-30|b1995-07-28 |
| 720 | 1 |aWestlake, G. F. |
| 776 | 0#|tComptes rendus du 21e atelier annuel sur la toxicité aquatique du 3 au 5 octobre 1994, Sarnia, Ontario / |w(CaOODSP)9.589922 |
| 792 | |tComptes rendus du 21eme atelier annuel sur la toxicité aquatique : |efre|w(CaOODSP)9.526161 |
| 830 | #0|aCanadian technical report of fisheries and aquatic sciences,|x0706-6457|v2050|w(CaOODSP)9.514690 |